00623nam a2200193Ia 450000500170000000800460001703700080006304000200007104100130009108400230010410000340012724500830016126000790024430000100032354600440033365000090037794200220038699900210040820250507130136.0008 250505s9999 xx 000 0 eng d aDIS aEASLbengcEASL aeng2eng a0000079, SAKqEASL aSaklani Avinash Mohan9521911 0aVisit of Premier Zhou Enlai in April 1960 and the drift towards war Mira Sinha aIndiabDelhi University. Social Sciences. Chinese & Japanese Studiesc1993 a117p. aBoth Acc. Nos. are of same dissertation aDiss cDISh0000079, SAK c1317958d1317958